000 00588nam a2200205Ia 4500
005 20250326144119.0
008 250326s9999 xx 000 0 und d
020 _a978-81-312-1579-1
037 _aTextbook
040 _aFMSL
_beng
_cFMSL
041 _aeng
_2eng
084 _aX:71 P8
_qFMSL
100 _aMathur SS
_9749055
245 0 _aCreating valuable business strategies
_cMathur Ss; Kenyon Alfred
260 _aUnited Kingdom
_bUnited Kingdom, Butterworth-Hinmann
_c2008
300 _a227p
365 _b295
942 _cTB
_hX:71 P8
999 _c1302410
_d1302410